| 000 | 00449nam a2200133 a 4500 | ||
|---|---|---|---|
| 008 | 940722s1955 pauac 000 0 eng d | ||
| 100 | _aNational Philatelic Museum | ||
| 245 | 1 | 0 | _aLibrary, National Philatelic Museum. |
| 260 |
_aPhiladelphia, Pa. : _bThe Museum, _c[1955?] |
||
| 490 | 0 |
_aOfficial bulletin / National Philatelic Museum ; _vv. 8, no. 1 |
|
| 500 | _aCover title. | ||
| 650 | 0 |
_aStamp collecting _zUnited States |
|
| 999 |
_c2116 _d2116 |
||